Burmistrzowie Nowego Jorku - Statystyki

Ogólne statystyki
  • Ten quiz został rozwiązany 6 razy
  • Średni wynik to 4 z 12
Statystyki odpowiedzi
Okres Odpowiedź % Poprawnych
2022– Eric Adams
60%
2002–2013 Michael Bloomberg
60%
1994–2001 Rudy Giuliani
60%
2014–2021 Bill de Blasio
40%
1978–1989 Ed Koch
40%
1974–1977 Abraham Beame
20%
1990–1993 David Dinkins
20%
1934–1945 Fiorello LaGuardia
20%
1966–1973 John Lindsay
20%
1954–1965 Robert Wagner Jr.
20%
1950–1953 Vincent Impellitteri
20%
1946–1950 William O'Dwyer
20%
Nie znaleziono quizów pasujących do podanych kryteriów
Rozkład punktacji
Procent ludzi z każdym wynikiem
Percentyl według liczby udzielonych odpowiedzi
Twoja historia wyników
Nie rozwiązałeś tego quizu